| 000 | 01340nam a22002177a 4500 | ||
|---|---|---|---|
| 005 | 20220330104302.0 | ||
| 008 | 220328b ||||| |||| 00| 0 eng d | ||
| 020 | _a9783319628714 | ||
| 040 | _cAL | ||
| 041 | _aeng | ||
| 082 |
_223 _a543 _bCASF |
||
| 100 |
_aMiguel Valcarcel Cases _926290 |
||
| 245 |
_aFoundations of Analytical Chemistry _bTeaching -Learning Approach |
||
| 260 |
_aSpain _bSpringer _c2018 |
||
| 300 |
_axvii,487p. _bHB _c24x16cm. |
||
| 365 |
_2General _a6556 _b₹4501.47 _c₹ _d₹5771.11 _e22% _f19/03/2022 |
||
| 520 | _aThis book offers a completely new approach to learning and teaching the fundamentals of analytical chemistry. It summarizes 250 basic concepts of the field on the basis of slides. Each of the nine chapters offers the following features. Introduction: Summary. General scheme. Teaching objectives. Text containing the explanation of each slide. Recommended and commented bibliography. Questions to be answered. Slides.A distinct feature of this novel book is its focus on the fundamental concepts and essential principles of analytical chemistry, which sets it apart from other books presenting descriptive overviews of methods and techniques. | ||
| 650 |
_2Analytical chemistry _aChemistry _926573 |
||
| 700 |
_a Lopez-Lorente Angela L;Lopez -Jimenez Angeles _926291 |
||
| 942 |
_2ddc _cBK |
||
| 999 |
_c222055 _d222055 |
||